| 000 | 01287nam a2200325Ia 4500 | ||
|---|---|---|---|
| 003 | OSt | ||
| 005 | 20221006160407.0 | ||
| 006 | a|||||r|||| 00| 0 | ||
| 007 | ta | ||
| 008 | 221006b |||||||| |||| 00| 0 eng d | ||
| 020 |
_a9781402016844 _c _239.00 |
||
| 024 | _a45,121 | ||
| 037 |
_bGift, Japan Foundation _cTextual |
||
| 040 |
_aEASL _cEASL _beng |
||
| 041 |
_2eng _aeng |
||
| 082 | _aG:550aJB.4, P0.3 | ||
| 100 |
_aInoue M. Ed. _9673228 |
||
| 245 | 0 | _aPeople and forest - Policy and local reality in Southeast Asia, the Russian Far East, and Japan | |
| 260 |
_aDordrecht _bKluwer Academic Publishers _c2003 |
||
| 300 |
_a359p. _ccm. |
||
| 490 |
_v Gen _aInstitute for Global Environmental Strategies Volume 3 |
||
| 650 |
_a Japan - Forest management and water resource conservation _9673229 |
||
| 650 |
_a Local participation - Policy and legislation _9673230 |
||
| 650 |
_a Local realities in forest use and management _9673231 |
||
| 650 |
_a Sustainable Forest Management - Framework for _9673232 |
||
| 650 |
_aPublic participation in International environmental agreements _9673233 |
||
| 700 |
_a Isozaki H. Ed. _9673234 |
||
| 942 |
_hG:550aJB.4, P0.3 _cTEXL _2CC |
||
| 999 |
_c1113213 _d1113213 |
||